00618nam a2200157Ia 4500008004100000082001400041100001000055245006800065260004900133365000600182630006800188730006800256942000900324999001900333952010800352100415s9999 xx 000 0 und d b6283a500 aP.N.I aProceeding Of The Nation Inst. Of Sciences Of India "B" Vol. 25 aNew Dehilc1959bNational Inst. Of Sciences b0 aProceeding Of The Nation Inst. Of Sciences Of India "B" Vol. 25 aProceeding Of The Nation Inst. Of Sciences Of India "B" Vol. 25 cBOOK c589253d589250 00104070aBNHSbBNHSd1964-05-06g0.00l0o500 6283pBNHS-6283r2010-04-15 00:00:00w2010-04-15yBOOK